Fish cognition and behavior
Na minha lista:
| Principais autores: | , , |
|---|---|
| Formato: | Livro |
| Idioma: | inglês |
| Publicado em: |
Oxford
Blackwell Publishing
2006
|
| Edição: | 1a. ed |
| coleção: | Fish and Aquatic Resources Series,11
|
| Assuntos: | |
| Tags: |
Adicionar Tag
Sem tags, seja o primeiro a adicionar uma tag!
|
MARC
| LEADER | 00000nam a2200000 a 4500 | ||
|---|---|---|---|
| 001 | UCI9297 | ||
| 003 | CL-VaPUC | ||
| 008 | 081106e20060000UK |||||||||||||||||eng|d | ||
| 020 | |a 9781405134293 | ||
| 082 | 0 | 4 | |a 597.1513 |b BRO |2 21 |
| 100 | 0 | |a Brown, Culum |e author |9 532936 | |
| 700 | 0 | |a Lalanad, Kevin |e author |9 532937 | |
| 700 | 0 | |a Krause, Jens |e author |9 532938 | |
| 245 | 1 | 0 | |a Fish cognition and behavior |
| 250 | |a 1a. ed | ||
| 300 | |a 328 p | ||
| 942 | |c BK | ||
| 945 | |d 20081106 00:00:00 |a rbrito | ||
| 260 | |a Oxford |b Blackwell Publishing |c 2006 | ||
| 650 | 7 | |a PECES CONDUCTA |2 CL-VaPUC |9 261580 | |
| 650 | 7 | |a POBLACION DE PECES |2 CL-VaPUC |9 261161 | |
| 650 | 7 | |a PECES FISIOLOGIA |2 CL-VaPUC |9 261639 | |
| 650 | 0 | |a Recursos marinos |9 261196 | |
| 583 | |a last modification |c 20081106 00:00:00 |k Rodrigo Vera | ||
| 490 | 0 | |a Fish and Aquatic Resources Series,11 | |
| 999 | |c 331859 |d 331857 | ||
| 952 | |0 0 |1 0 |4 0 |6 597_151300000000000_BRO_2006 |7 0 |8 CCM |9 419033 |a BIBCUR |b BIBCUR |d 2019-11-22 |i 4495519 |l 2 |o 597.1513 BRO 2006 |p 4495519 |r 2025-04-22 |s 2024-08-07 |w 2019-11-22 |y BK |k CIM | ||